000 00478nam a22000977a 4500
008 130711b xxu||||| |||| 00| 0 eng d
010 _aCCCPF-86
245 _aCONSTITUTIONAL COURT COUNSTITUTIONAL PETITION NO.38 OF 2010. George Owor Vs 1.The Attorney General 2.Hon.William Okecho
260 _aConstitutional Court at Kampala
_c2011
500 _3Coram: Hon.Justice A.E.N.Mpagi-Bahigeine, Hon.Justice C.K.Byamugisha, Hon.Justice S.B.K.Kavuma, Hon.Justice A.S.Nshimye, Hon. M.S.Arach Amok
999 _c5463
_d5463